• 首页
  • 本馆介绍
  • 公告通知
  • 最新文献
  • 馆藏检索
  • 电子资源
  • 读者导购
  • 参考咨询
  • 我的图书馆
  • 登录
  • 详细信息显示
  • 放入我的书架
  • 预约/预借图书
  • 作者相关作品
  • 分类相关作品
  • 丛书相关作品
  • 出版社相关作品

书目信息

  • 表格格式
  • 工作单格式
  • 卡片格式
题名:
课程理论与课程改革
    
 
作者: 汪霞 著
分册:  
出版信息: 合肥   安徽教育出版社  2007
页数: 350页
开本: 23cm
丛书名: 中国中青年教育学者自选集
单 册:
中图分类: G423.04
科图分类:
主题词: 课程--研究 , 课程--教学改革--研究 , 课程 , 教学改革
电子资源:
ISBN: 978-7-5336-4803-9
000 00888oam2 2200277 45
005 20100303142408.20
010    @a978-7-5336-4803-9@dCNY46.00
100    @a20100121d20072008em y0chiy0120 ea
101 0  @achi
102    @aCN@b340000
105    @aa z 000yy
106    @ar
200 1  @a课程理论与课程改革@AKe Cheng Li Lun Yu Ke Cheng Gai Ge@f汪霞著@FWang Xia Zhu
210    @a合肥@c安徽教育出版社@d2007@h2008
215    @a350页@c彩照@d23cm
225 2  @a中国中青年教育学者自选集@h第一辑
330    @a本书共分三编。内容包括:课程理论研究;课程开发、实施技术研究;中外课程改革及比较研究等。
461  0 @12001 @a中国中青年教育学者自选集@h第一辑
606 0  @a课程@x研究
606 0  @a课程@x教学改革@x研究
606 0  @a课程
606 0  @a教学改革
690    @aG423.04@v4
701  0 @a汪霞@AWang Xia@4著
801  0 @aCN@bTANGWEI@c20100303
905    @b0585574-78@dG423.04@e205@f5
    
    课程理论与课程改革/汪霞著.-合肥:安徽教育出版社,2007(2008)
    350页:彩照;23cm.-(中国中青年教育学者自选集.第一辑)
    
    
    ISBN 978-7-5336-4803-9:CNY46.00
    本书共分三编。内容包括:课程理论研究;课程开发、实施技术研究;中外课程改革及比较研究等。
●
相关链接 在E读中查询图书 在五车中查询图书 在当当中查询图书 在豆瓣中查询图书


正题名:课程理论与课程改革     索取号:G423.04/205         预约/预借

序号 登录号 条形码 馆藏地/架位号 状态 备注
1 0585574   205855742   第一样本阅览室/ [索取号:G423.04/205] 在馆    
2 0585575   205855751   第四借阅区/ [索取号:G423.04/205] 在馆    
3 0585576   205855760   第四借阅区/ [索取号:G423.04/205] 在馆    
4 0585577   205855779   第四借阅区/ [索取号:G423.04/205] 在馆    
5 0585578   205855788   第四借阅区/ [索取号:G423.04/205] 在馆    
唐山师范学院图书馆 欢迎您!
大连网信软件有限公司© 版权所有